000 01020aam a2200385 4500
005 20250624163832.0
008 150527b2009 xxu||||| |||| 00| 0 spa d
041 _aESP
082 _a005.5 C877o
100 _aCox, Joyce
100 _aFrye, Curtis
100 _aLambert, Steve
100 _aPreppernau, Joan
100 _aMurray, Katherine
100 _aLambert III, M. Dow
245 _aOffice 2007: paso a paso
260 _aEspaña
_bAnaya
_c2009
300 _a560 páginas
490 _aDirección y Administración de Empresa
490 _aSecretariado Ejecutivo
490 _aTecnologías de la Información
650 _aPROGRAMAS PARA COMPUTADOR
650 _aWORD 2007
650 _aEXCEL
650 _aEDICIÓN DE DOCUMENTO
650 _aCÁLCULOS CON DATOS
650 _aBASES DE DATOS
650 _aOUTLOOK 2007
650 _aCORREO ELECTRÓNICO
650 _aTRABAJAR CON DATOS
650 _aPOWER POINT
650 _aACCESS
650 _aPUBLISHER
942 _cBK
_2ddc
999 _c2332
_d2332